000 00307nam a22001217a 4500
008 170630b xxu||||| |||| 00| 0 eng d
041 _aeng
080 _a94
100 _a22
101 _aGJL
245 _aTHE WONDER BOOKS HISTORY FROM THE RENAISSANCE TO NAPOLEON
_cPAAPE.W.E
942 _2udc
_cBK
999 _c19823
_d19823